Normal view
MARC view
- Trovaioli Armando
Entry Personal Name
001 - CONTROL NUMBER
- control field: 49565
003 - CONTROL NUMBER IDENTIFIER
- control field: IT-RoPau
005 - DATE AND TIME OF LATEST TRANSACTION
- control field: 20151202092451.0
008 - FIXED-LENGTH DATA ELEMENTS
- fixed length control field: 151202|| aca||aabn | a|a d
040 ## - CATALOGING SOURCE
- Original cataloging agency: IT-RoPau
- Transcribing agency: IT-RoPau
100 ## - HEADING--PERSONAL NAME
- Personal name: Trovaioli Armando
- Relator term: (musica)
- Miscellaneous information: Codice Musica SPICS: 11182
670 ## - SOURCE DATA FOUND
- Source citation: Work cat.: (IT-RoPau)106941: De Santis Giuseppe Codice regista SPICS: 7279 49561, ITALIANI, BRAVA GENTE ITALIANI, BRAVA GENTE (Rif. Codice opera principale : V0872)